Franklin's passage

Spremljeno u:
Bibliografski detalji
Glavni autor: Solway, David (Autor)
Format: Knjiga
Jezik:engleski
Izdano: Montreal McGill-Queen´s University Press 2003
Izdanje:1a. ed
Serija:Rincón Canadá
Teme:
Oznake: Dodaj oznaku
Bez oznaka, Budi prvi tko označuje ovaj zapis!

MARC

LEADER 00000cam a2200000 a 4500
001 UCE3625
003 CL-VaPUC
008 140911e20030000cn |||||||||||||||||eng|d
020 |a 0773526838 
082 0 4 |a C811  |b SOL  |2 21 
100 0 |a Solway, David  |e author  |9 576087 
245 1 0 |a Franklin's passage 
250 |a 1a. ed 
300 |a 75 p 
942 |c BK 
945 |d 20140911 14:25:00  |a arojas 
260 |a Montreal  |b McGill-Queen´s University Press  |c 2003 
650 0 |a Poesías canadienses   |9 314771 
650 0 |a Literatura canadiense  |9 342826 
583 |a last modification  |c 20140911 14:25:00  |k Rodrigo Vera 
490 0 |a Rincón Canadá 
999 |c 356821  |d 356819 
952 |0 0  |1 0  |3 erb  |4 0  |6 C_811_000000000000000_SOL_2003  |7 0  |8 A  |9 464578  |a BIBEDU  |b BIBEDU  |i 5113970  |o C811 SOL 2003  |p 5113970  |r 2019-11-23  |w 2019-11-23  |y BK  |z Catalogado en:20140911  |k LIT